Vida y hazañas de Alejandro de Macedonia / (Record no. 173558)

MARC details
000 -LEADER
campo de control de longitud fija 00872nam a2200265 i 4500
001 - NÚMERO DE CONTROL
campo de control 173558
003 - IDENTIFICADOR DE NÚMERO DE CONTROL
campo de control ES-MaACL
005 - FECHA Y HORA DE LA ÚLTIMA TRANSACCIÓN
campo de control 20230906215255.0
008 - DATOS DE LONGITUD FIJA--INFORMACIÓN GENERAL
campo de control de longitud fija 091207s1977 sp |||| |bspa d
020 ## - NÚMERO INTERNACIONAL ESTÁNDAR DEL LIBRO
Número Internacional Estándar del Libro 84-249-3481-4
080 ## - NÚMERO DE LA CLASIFICACIÓN DECIMAL UNIVERSAL
Número de la Clasificación Decimal Universal 821.14'06-31
080 ## - NÚMERO DE LA CLASIFICACIÓN DECIMAL UNIVERSAL
Número de la Clasificación Decimal Universal 929 Alejandro Magno (38)(0:82)
100 0# - ENTRADA PRINCIPAL--NOMBRE DE PERSONA
Nombre de persona Pseudo Calístenes.
9 (RLIN) 162844
245 10 - MENCIÓN DEL TÍTULO
Título Vida y hazañas de Alejandro de Macedonia /
Mención de responsabilidad, etc. Pseudo Calístenes ; traducción, prólogo y notas de Carlos García Gual.
260 ## - PUBLICACIÓN, DISTRIBUCIÓN, ETC.
Lugar de publicación, distribución, etc. Madrid :
Nombre del editor, distribuidor, etc. Gredos,
Fecha de publicación, distribución, etc. [1977]
300 ## - DESCRIPCIÓN FÍSICA
Extensión 256 p. ;
Dimensiones 20 cm.
490 1# - MENCIÓN DE SERIE
Mención de serie Biblioteca clásica Gredos ;
Designación de volumen o secuencia 1
500 ## - NOTA GENERAL
Nota general Índice.
504 ## - NOTA DE BIBLIOGRAFÍA, ETC.
Nota de bibliografía, etc. Bibliografía: p. 33-35.
600 07 - PUNTO DE ACCESO ADICIONAL DE MATERIA--NOMBRE DE PERSONA
Nombre de persona Alejandro Magno-
Subdivisión de forma Novelas.
9 (RLIN) 162845
700 1# - ENTRADA AGREGADA--NOMBRE PERSONAL
Nombre de persona García Gual, Carlos.
9 (RLIN) 54728
830 0# - PUNTO DE ACCESO ADICIONAL DE SERIE-TÍTULO UNIFORME
Título uniforme Biblioteca clásica Gredos ;
Designación de volumen o secuencia 1
9 (RLIN) 177556
852 ## - LOCALIZACIÓN
Ubicación ES-MaACL
Número de control de estantería C-57033
Holdings
Estatus retirado Estado de pérdida Estado de daño No para préstamo Biblioteca de origen Biblioteca actual Ubicación en estantería Fecha de adquisición Fuente de adquisición Total de préstamos Signatura topográfica completa Código de barras Visto por última vez Precio de reemplazo Tipo de ítem Koha
        Biblioteca del Ateneo de Madrid Biblioteca del Ateneo de Madrid Depósito 2 07/12/2009     C-57033 1182136 23/02/2023 23/02/2023 Libro impreso